|
|
|
|
| LEADER |
00000cam a2200000 c 4500 |
| 001 |
535616783 |
| 003 |
DE-627 |
| 005 |
20240709203720.0 |
| 007 |
tu |
| 008 |
070710s1689 xx ||||| 00| ||lat c |
| 024 |
7 |
|
|a VD17 3:015512F
|2 vd17
|
| 026 |
|
|
|e lais 8.ue c.a- ntn- C 1689R
|2 fei
|
| 035 |
|
|
|a (DE-627)535616783
|
| 035 |
|
|
|a (DE-576)9535616781
|
| 035 |
|
|
|a (DE-599)GBVVDS000416428
|
| 035 |
|
|
|a (OCoLC)836659898
|
| 035 |
|
|
|a (VD17)000416428
|
| 040 |
|
|
|a DE-627
|b ger
|c DE-627
|e rakwb
|
| 041 |
|
|
|a lat
|
| 084 |
|
|
|a 1
|2 ssgn
|
| 100 |
1 |
|
|0 (DE-588)117633259
|0 (DE-627)142204080
|0 (DE-576)291548873
|4 aut
|a Deutschmann, Johann
|d 1625-1706
|
| 109 |
|
|
|a Deutschmann, Johann 1625-1706
|a Deutschmannus, Johann 1625-1706
|a Deutschman, Johannes 1625-1706
|a Deutschmannus, Joannes 1625-1706
|a Deutschmannus, Johannes 1625-1706
|a Deutschmannus, Jo. 1625-1706
|a Deutschmannus, Joh. 1625-1706
|a Deutschmann, J. 1625-1706
|a Deutschmann, Johannes 1625-1706
|
| 245 |
1 |
0 |
|a Elohenu Reformationis! Festum Anniversarium Lutheranae Reformationis Septuagesimum Secundum, Supra Centesimum, Solenni Disputatione, Ex Esaiae XL.8. De Elohenu, Principali Reformationis Lutheranae Causa
|c In Electorali Witteberga ... Praeside, D. Johann. Deutschmann ... Et Respondente, M. Hermanno Witte, Riga-Livono. D. XXXI. Octobr. Anno MDCLXXXIX. ...
|
| 264 |
|
1 |
|a Wittebergae
|b Schrödterus
|c 1689
|
| 300 |
|
|
|a [8] Bl.
|c 4°
|
| 336 |
|
|
|a Text
|b txt
|2 rdacontent
|
| 337 |
|
|
|a ohne Hilfsmittel zu benutzen
|b n
|2 rdamedia
|
| 338 |
|
|
|a Band
|b nc
|2 rdacarrier
|
| 500 |
|
|
|a Schlüsselseiten aus dem Exemplar der ULB Halle: If 111 (27)
|
| 655 |
|
7 |
|a Dissertation:theol
|0 (DE-627)096631155
|2 local
|
| 700 |
1 |
|
|0 (DE-588)121772799
|0 (DE-627)135393574
|0 (DE-576)292877218
|4 aut
|a Witte, Hermann
|d 1666-1728
|
| 700 |
1 |
|
|0 (DE-588)1037504631
|0 (DE-627)755845099
|0 (DE-576)39156174X
|4 prt
|a Schroedter, Christian
|d 1640-1723
|
| 710 |
2 |
|
|a Universität Wittenberg
|4 oth
|
| 751 |
|
|
|a Wittenberg
|4 pup
|
| 776 |
0 |
8 |
|i Erscheint auch als
|n CD-ROM-Ausgabe
|a Deutschmann, Johann, 1625 - 1706
|t Elohenu Reformationis! Festum Anniversarium Lutheranae Reformationis Septuagesimum Secundum, Supra Centesimum, Solenni Disputatione, Ex Esaiae XL.8. De Elohenu, Principali Reformationis Lutheranae Causa
|d Wittebergae : Schrödterus, 1689
|h [8] Bl.
|w (DE-627)644127031
|w (DE-576)964412703X
|k Electronic
|
| 856 |
4 |
1 |
|u http://mdz-nbn-resolving.de/urn:nbn:de:bvb:12-bsb10831680-0
|x Digitalisierung
|z // 2012 digitalisiert von꞉ Bayerische Staatsbibliothek. Exemplar mit der Signatur꞉ München, Bayerische Staatsbibliothek -- 4 Diss. 2235#Beibd.33
|z VD17-Nummer 2019 maschinell ergänzt
|z kostenfrei
|3 Volltext
|7 0
|
| 856 |
4 |
1 |
|u http://mdz-nbn-resolving.de/urn:nbn:de:bvb:12-bsb10834536-6
|x Digitalisierung
|z // 2012 digitalisiert von꞉ Bayerische Staatsbibliothek. Exemplar mit der Signatur꞉ München, Bayerische Staatsbibliothek -- 4 Diss. 2339#Beibd.2
|z VD17-Nummer 2019 maschinell ergänzt
|z kostenfrei
|3 Volltext
|7 0
|
| 935 |
|
|
|a RFBW
|a mteo
|
| 951 |
|
|
|a BO
|
| ELC |
|
|
|b 1
|
| LOK |
|
|
|0 000 xxxxxcx a22 zn 4500
|
| LOK |
|
|
|0 001 4493051035
|
| LOK |
|
|
|0 003 DE-627
|
| LOK |
|
|
|0 004 535616783
|
| LOK |
|
|
|0 005 20260204083024
|
| LOK |
|
|
|0 008 240228||||||||||||||||ger|||||||
|
| LOK |
|
|
|0 040
|a DE-Tue135
|c DE-627
|d DE-Tue135
|
| LOK |
|
|
|0 092
|o n
|
| LOK |
|
|
|0 852
|a DE-Tue135
|
| LOK |
|
|
|0 852 1
|9 00
|
| LOK |
|
|
|0 866
|x SPQUE#Reformationsgeschichtliche Forschungsbibliothek Wittenberg#SPSAM#Predigerseminar#SPUSM#Altbestand#SPSYS#Dissertationen
|
| LOK |
|
|
|0 866
|x SPQUE#VD (Historische deutsche Nationalbibliographie)#SPSAM#VD17
|
| LOK |
|
|
|0 935
|a RFBW
|a bips
|a psab
|a ixvd
|a ixv7
|
| LOK |
|
|
|0 939
|a 28-02-24
|b l01
|
| OAS |
|
|
|a 1
|
| ORI |
|
|
|a TA-MARC-ixtheoa001.raw
|